Literary Cities Quiz Stats

 Plays Quiz Updated Jun 5, 2015

Also try: 5-Star Books
Challenge
Share
Tweet
Embed
Score 0/25 Timer 05:00
3 Plays Today
% Correct
Paris
95.6%
London
94%
Amsterdam
88.1%
New York
87.1%
Rome
80.5%
Tokyo
78.6%
Dublin
72.6%
Barcelona
71%
Copenhagen
61%
Moscow
60.1%
St. Petersburg
55.9%
Chicago
55.5%
Rio de Janeiro
55%
% Correct
Los Angeles
53.5%
Mumbai
47.4%
Johannesburg
45.8%
Shanghai
42.9%
Toronto
37.8%
Prague
36.4%
Gaborone
32.2%
Hong Kong
30.2%
Buenos Aires
29.5%
Mexico City
27.7%
Oran
24.2%
Saigon
23.4%

You're not logged in!

Compare scores with friends on all Sporcle quizzes.
OR
Log In

You Might Also Like...

Show Comments

Extras

Top Quizzes Today


Score Distribution

Your Account Isn't Verified!

In order to create a playlist on Sporcle, you need to verify the email address you used during registration. Go to your Sporcle Settings to finish the process.

Report this User

Report this user for behavior that violates our Community Guidelines.

Details: